[Event "Cheadle op 1st"]
[Site "Cheadle"]
[Date "2025.02.06"]
[Round "6"]
[White "Bamford, Paul"]
[Black "Banerjee, Sanjoy K"]
[Result "1-0"]
[WhiteElo "1704"]
[BlackElo "1750"]
[PlyCount "129"]
[EventDate "2025.02.04"]
[EventType "swiss"]
[EventRounds "6"]
[EventCountry "ENG"]
[SourceTitle "CB07_2025"]
[SourceDate "2025.02.12"]
[SourceVersion "1"]
[SourceVersionDate "2025.02.12"]
[SourceQuality "1"]

1. d4 d5 2. Nf3 Nf6 3. e3 c6 4. Nbd2 h6 5. c4 Bf5 6. Qb3 Qb6 7. c5 Qc7 8. Bd3 Ne4 9. 0-0 Nd7 10. Bxe4 dxe4 11. Ne1 Nf6 12. f3 e6 13. Nc4 exf3 14. Nxf3 Ne4 15. Nfd2 Be7 16. Nxe4 Bxe4 17. Bd2 0-0 18. Be1 Bg5 19. Bg3 Qd7 20. Bd6 Be7 21. Bxe7 Qxe7 22. Nd6 Bd5 23. Qd3 f5 24. b3 Rf6 25. Rf2 Raf8 26. Raf1 b6 27. b4 b5 28. Qe2 Rd8 29. Qh5 Rdf8 30. Qe2 g5 31. Qc2 Qg7 32. a4 a6 33. axb5 axb5 34. Ra1 f4 35. e4 f3 36. Rd1 Qg6 37. exd5 Qxc2 38. Rxc2 f2+ 39. Kf1 exd5 40. Rdd2 Ra8 41. Ra2 Ra4 42. Rxa4 bxa4 43. Ra2 Rf4 44. Rxa4 Rxd4 45. Kxf2 Rf4+ 46. Ke2 h5 47. Ra7 Rxb4 48. Rc7 Rb2+ 49. Kf1 d4 50. Rxc6 d3 51. Nc4 Rc2 52. Ne3 Rc1+ 53. Kf2 Rc2+ 54. Kf3 g4+ 55. Ke4 Rc3 56. Rd6 Rxc5 57. Rxd3 Rg5 58. Rd5 Rxd5 59. Nxd5 Kg7 60. Kf5 Kh6 61. Kf6 h4 62. Kf5 Kh5 63. Nf4+ Kh6 64. Kxg4 h3 65. Nxh3 1-0

[Event "Cheadle op 1st"]
[Site "Cheadle"]
[Date "2025.02.04"]
[Round "1"]
[White "Zhu, Yaoyao"]
[Black "Bamford, Paul"]
[Result "1-0"]
[WhiteElo "1931"]
[BlackElo "1704"]
[PlyCount "57"]
[EventDate "2025.02.04"]
[EventType "swiss"]
[EventRounds "6"]
[EventCountry "ENG"]
[SourceTitle "CB07_2025"]
[SourceDate "2025.02.12"]
[SourceVersion "1"]
[SourceVersionDate "2025.02.12"]
[SourceQuality "1"]

1. e4 c5 2. Nf3 d6 3. Bb5+ Nd7 4. a4 g6 5. 0-0 Bg7 6. a5 e6 7. c3 Ne7 8. d4 0-0 9. Be3 cxd4 10. cxd4 Nf6 11. Nc3 Bd7 12. Bd3 Rc8 13. h3 Nc6 14. a6 b6 15. Nb5 d5 16. e5 Ne8 17. Bd2 Ra8 18. b4 Kh8 19. Qb3 Ne7 20. Nc3 Rc8 21. b5 Nf5 22. Ne2 Nh4 23. Nxh4 Qxh4 24. Rac1 f6 25. f4 fxe5 26. Rxc8 Bxc8 27. dxe5 Rf7 28. Nd4 Bxe5 29. Nf3 1-0

[Event "South Normanton Hull op 56th"]
[Site "South Normanton"]
[Date "2019.11.02"]
[Round "2"]
[White "Ball, Charlie J"]
[Black "Bamford, Paul"]
[Result "1-0"]
[WhiteElo "101"]
[BlackElo "121"]
[PlyCount "45"]
[EventDate "2019.11.01"]
[EventType "swiss"]
[EventRounds "5"]
[EventCountry "ENG"]
[SourceTitle "EXT 2025"]
[Source "ChessBase"]
[SourceDate "2024.10.14"]
[SourceVersion "1"]
[SourceVersionDate "2024.10.14"]
[SourceQuality "1"]

1. d4 Nf6 2. Bf4 c5 3. e3 Qb6 4. dxc5 Qxc5 5. c3 g6 6. Nd2 Bg7 7. Be2 d5 8. Ngf3 Nc6 9. Ng5 h6 10. Ngf3 Nh5 11. Bg3 Nxg3 12. hxg3 e5 13. Nb3 Qb6 14. Qxd5 Be6 15. Qd1 Rd8 16. Qc2 0-0 17. Bd1 Rd6 18. Nh4 Rfd8 19. Nxg6 fxg6 20. Qxg6 Bxb3 21. Bxb3+ Rd5 22. Bxd5+ Rxd5 23. Qe6+ 1-0

[Event "Harrogate 4NCL op-B 21st"]
[Site "Harrogate"]
[Date "2019.01.18"]
[Round "1"]
[White "Bamford, Paul"]
[Black "Tamas, Szilard"]
[Result "0-1"]
[WhiteElo "1526"]
[BlackElo "1821"]
[PlyCount "80"]
[EventDate "2019.01.18"]
[EventType "swiss"]
[EventRounds "5"]
[EventCountry "ENG"]
[SourceTitle "CBM 188 Extra"]
[Source "ChessBase"]
[SourceDate "2019.02.28"]
[SourceVersion "1"]
[SourceVersionDate "2019.02.28"]
[SourceQuality "1"]

1. d4 Nf6 2. Nf3 e6 3. e3 b6 4. Bd3 Bb7 5. 0-0 d5 6. Ne5 Bd6 7. f4 0-0 8. Nd2 c5 9. c3 Ne4 10. Qe2 f6 11. Nef3 Nd7 12. c4 Re8 13. b3 Nc3 14. Qe1 cxd4 15. Nxd4 Nc5 16. Bc2 Rc8 17. Bb2 N3e4 18. Nxe4 dxe4 19. Rd1 Qe7 20. Rf2 Na6 21. Bc3 Nb4 22. Bb1 Bc5 23. Rfd2 Red8 24. a3 Na6 25. b4 Bxd4 26. Bxd4 e5 27. fxe5 fxe5 28. Bb2 Rxd2 29. Rxd2 Nb8 30. Qd1 Kf8 31. Qf1+ Kg8 32. Ba2 Kh8 33. Rf2 Nd7 34. Rf7 Qe6 35. Bxe5 Nxe5 36. Rxb7 Ng4 37. Qe2 Rf8 38. Qb2 Ne5 39. c5 Qf5 40. Qa1 Qf2+ 0-1

[Event "Telford 4NCL U1825 op"]
[Site "Telford"]
[Date "2018.11.01"]
[Round "2"]
[White "Bamford, Paul"]
[Black "Hirst, Joe"]
[Result "1/2-1/2"]
[WhiteElo "1578"]
[BlackElo "1425"]
[PlyCount "34"]
[EventDate "2018.10.31"]
[EventType "swiss"]
[EventRounds "9"]
[EventCountry "ENG"]
[SourceTitle "CBM 187 Extra"]
[Source "ChessBase"]
[SourceDate "2018.11.04"]
[SourceVersion "1"]
[SourceVersionDate "2018.11.04"]
[SourceQuality "1"]

1. d4 Nf6 2. Nf3 g6 3. e3 Bg7 4. Be2 0-0 5. c4 d6 6. 0-0 Nbd7 7. Nc3 c5 8. d5 a6 9. e4 Rb8 10. Re1 Qc7 11. h3 Ne8 12. Bd3 Ne5 13. Nxe5 dxe5 14. Be3 Nd6 15. Rc1 Bd7 16. a3 b6 17. Bg5 f6 1/2-1/2